| 000 | 01000nam a2200241 i 4500 | ||
|---|---|---|---|
| 001 | 190734 | ||
| 003 | ES-MaACL | ||
| 005 | 20240410103702.0 | ||
| 008 | 220523s1975 sp 000 0 spa | ||
| 080 | _a9(=927)(397)"16"(043.2) | ||
| 100 | 1 |
_aPenella Roma, Juan. _9174573 |
|
| 245 | 1 | 4 |
_aLos moriscos españoles emigrados al norte de África : _bdespués de la expulsión / _cJuan Penella Roma. |
| 260 |
_aBarcelona : _bUniversidad de Barcelona, [Facultad de Filosofía y Letras], _c1975. |
||
| 300 |
_a24 p. ; _c24 cm. |
||
| 502 | _aTesis-Univ. Barcelona (Extracto) | ||
| 594 | _aPrecede al tít.: Universidad de Barcelona. Secretariado de Publicaciones, Intercambio Científico y Extensión Universitaria | ||
| 650 | 4 |
_aMoriscos. _915195 |
|
| 655 |
_aTesis y escritos académicos _9226867 |
||
| 710 | 2 |
_aUniversidad de Barcelona. _bFacultad de Filosofía y Letras. _97149 |
|
| 852 | 4 |
_aES-MaACL _jP-1415 (148) _9197916 _bR.68610 _cDEPO2 |
|
| 942 | _2udc | ||
| 999 |
_c190734 _d190734 |
||